Lone Working - Guidance for the Estate Agency Profession (Record no. 112191)
[ view plain ]
| 000 -LEADER | |
|---|---|
| fixed length control field | 00362cam a22001335a 4500 |
| 001 - CONTROL NUMBER | |
| control field | L152732 |
| 008 - FIXED-LENGTH DATA ELEMENTS--GENERAL INFORMATION | |
| fixed length control field | 110418s xxk f 000 0 eng d |
| 035 ## - SYSTEM CONTROL NUMBER | |
| System control number | (Sirsi) u152732 |
| 041 0# - LANGUAGE CODE | |
| Language code of text/sound track or separate title | eng |
| 110 2# - MAIN ENTRY--CORPORATE NAME | |
| Corporate name or jurisdiction name as entry element | National Association of Estate Agents |
| 9 (RLIN) | 886 |
| 245 00 - TITLE STATEMENT | |
| Title | Lone Working - Guidance for the Estate Agency Profession |
| 651 #4 - SUBJECT ADDED ENTRY--GEOGRAPHIC NAME | |
| Geographic name | ENGLAND AND WALES |
| 942 ## - ADDED ENTRY ELEMENTS (KOHA) | |
| Suppress in OPAC | 0 |
No items available.